000 00293nam a2200121Ia 4500
005 20251222155135.0
008 251222s9999||||xx |||||||||||||| ||spa||
082 _aMAN.147
100 _aMINSA.
245 0 _aManejo de medicamentos y suministros para TB Vol.4
264 _bMinsa
942 _cLIB
999 _c38979
_d38979